2022 FIFA World Cup Group C - Argentina - Saudi Arabia - Statistics

General Stats
  • This quiz has been taken 105 times
  • The average score is 17 of 33
Answer Stats
Player % Correct
Lionel Messi ¹
99%
Emiliano Martínez
96%
Lautaro Martínez
96%
Lisandro Martínez
95%
Ángel Di María
88%
Rodrigo De Paul
84%
Nicolás Otamendi
80%
Cristian Romero
73%
Nicolás Tagliafico
71%
Marcos Acuña
69%
Nahuel Molina
69%
Enzo Fernández
60%
Lionel Scaloni
60%
Julián Álvarez
59%
Leandro Paredes
59%
Salem Al-Dawsari ¹
53%
Papu Gómez
44%
Mohammed Al-Owais
43%
Saleh Al-Shehri ¹
37%
Hervé Renard
35%
Yasser Al-Shahrani
35%
Mohamed Kanno
32%
Salman Al-Faraj
32%
Saud Abdulhamid
28%
Hassan Al-Tambakti
27%
Abdulellah Al-Malki
25%
Firas Al-Buraikan
25%
Abdulelah Al-Amri
23%
Ali Al-Bulaihi
20%
Nawaf Al-Abed
20%
Sultan Al-Ghannam
20%
Mohammed Al-Breik
19%
Haitham Asiri
13%
No matching quizzes found
Score Distribution
Percent of People with Each Score
Percentile by Number Answered
Your Score History
You have not taken this quiz